01440nam a22003491 4500001000700000003000700007005001700014008004100031016004600072017005100118035002100169040003100190080002100221245008700242260006800329300002700397490003500424650004600459655003000505700004100535700005100576830004400627852004700671942002000718956000800738980004300746980004300789980007200832980004400904999001900948952012300967143665SpMaBN20251003195450.0981210s1972 sp spa 7 abimoBNE20000198031zIND98008327142SpMaBN aLE 10905-1972bOficina Depósito Legal León a(OCoLC)432724058 aSpMaBNbspacCDMdES-MaACL a860-1"19"(082.2)00a70 años de poesía en Cuenca /cCarlos de la Rica, Enrique Domínguez Millán aCarboneras de Guadazaón (Cuenca) :bEl Toro de Barro,c[1972] a223 p. :bil. ;c24 cm0 aEl Toro de Barro Gárgola;v3 4aPoesías españolasyS.XX2embne916221 7aPoesías2tgfbne91765391 aRica, Carlos de lad1930-1997996845 aDomínguez Millán, Enrique, d1927-9227222 aEl Toro de Barro Gárgola ;v39227223 aES-MaACL9148853b R.82513jC-43681cDEPO2 2udccMONOGRAFIA a1 2 aSpMaBNbBNMADRIDj4/102109cSG_RECOLET aSpMaBNbBNMADRIDj4/102110cSG_RECOLET aM 10905-1972aSpMaBNbBNALCALAjAHM/754362uProcede IBHcSG_PETANTI aSpMaBNbBNALCALAjDL/761727cCONSERVACI c143665d143665 00102udc4070aATENEOMbATENEOMcDEPO2d2008-01-17l0oC-43681p1149471r2023-02-23 00:00:00w2023-02-23yMONOGRAFIA